000 00405nam a2200157 i 4500
001 bg
100 1 _aBERGMAN, Samuel
245 0 _aIntroduction to computers and computer programming /
_cSamuel Bergman, Steven Bruckner.
260 _aReading,
_c1972.
700 1 _aBRUCKNER, Steven
040 _cBPK
041 _apol
080 _a681.32
942 _cKS
008 s pl f |000 0 pol
999 _c15663
_d15663
856 _uhttp://koha.tu.koszalin.pl/cgi-bin/koha/opac-detail.pl?biblionumber=15663
_yKatalog online BPK